000 00493nam a22001937a 4500
003 MPLRDC
005 20220104190654.0
008 210129b ||||| |||| 00| 0 eng d
020 _a986-7596-42-0
082 _a413.52 ZRE
100 _a张荣二 编著
245 _a耳部疾病最恼人
_c
250 _a初版
260 _a台湾
_b元气斋出版社有限公司
_c2005
300 _b
490 _a家医系列: 13
650 _a中医五官--耳科
942 _cBK
_o413.52 ZRE
999 _c63900
_d63890